Pharmacology for Nurses (Record no. 663)

MARC details
000 -LEADER
Fixed length control field 00616nam a2200217Ia 4500
003 - CONTROL NUMBER IDENTIFIER
Control field IIN
005 - DATE AND TIME OF LATEST TRANSACTION
Control field 20250526124433.0
008 - FIXED-LENGTH DATA ELEMENTS--GENERAL INFORMATION
Fixed length control field 231217s9999 xx 000 0 und d
020 ## - INTERNATIONAL STANDARD BOOK NUMBER / ISBN
Price Rs.630.00
International Standard Book Number 9788131243923
040 ## - CATALOGING SOURCE
Original cataloging agency IIN
Language of cataloging English
082 ## - DEWEY DECIMAL CLASSIFICATION NUMBER
Classification number 615.1
Book Number SHA
100 1# - MAIN ENTRY--PERSONAL NAME
Personal name Shanbhag, Tara V.
245 1# - TITLE STATEMENT
Title Pharmacology for Nurses
Sub title Applicable for Semester III & IV/
Statement of responsibility Tara V. Shanbhag, Sumita Shenoy, and Veena Nayak
250 ## - EDITION STATEMENT
Edition statement 2nd ed
260 ## - IMPRINT
Name of publisher Elsevier
Place of publication New Delhi
Date of publication 2016
300 ## - PHYSICAL DESCRIPTION
Page / Vol. No xiii, 420 p.
650 1# - SUBJECT ADDED ENTRY--TOPICAL TERM
Topical term Pharmacology
700 1# - ADDED ENTRY--PERSONAL NAME
Personal name shenoy, Smita
700 1# - ADDED ENTRY--PERSONAL NAME
Personal name Nayak, Veena
942 ## - ADDED ENTRY ELEMENTS (KOHA)
Koha item type Books
Holdings
Withdrawn status Lost status Source of classification Damaged status Not for loan Collection code Home library Current library Date acquired Price Total Checkouts Call number Accession number Date last seen Price effective from Koha item type
    Dewey Decimal Classification       IDEAL INSTITUTE OF NURSING IDEAL INSTITUTE OF NURSING 17/12/2023 630.00   615.1 SHA 658 17/12/2023 17/12/2023 Books
    Dewey Decimal Classification       IDEAL INSTITUTE OF NURSING IDEAL INSTITUTE OF NURSING 17/12/2023 630.00   615.1 SHA 659 17/12/2023 17/12/2023 Books
    Dewey Decimal Classification       IDEAL INSTITUTE OF NURSING IDEAL INSTITUTE OF NURSING 17/12/2023 630.00   615.1 SHA 660 17/12/2023 17/12/2023 Books
    Dewey Decimal Classification       IDEAL INSTITUTE OF NURSING IDEAL INSTITUTE OF NURSING 17/12/2023 630.00   615.1 SHA 661 17/12/2023 17/12/2023 Books
    Dewey Decimal Classification       IDEAL INSTITUTE OF NURSING IDEAL INSTITUTE OF NURSING 17/12/2023 630.00   615.1 SHA 662 17/12/2023 17/12/2023 Books
© Ideal Institute Of Nursing, All rights reserved.         Powered by Koha